Normal view MARC view

Entry Nombre personal

Number of records used in: 1

001 - NÚMERO DE CONTROL

  • campo de control: 154178

003 - IDENTIFICADOR DE NÚMERO DE CONTROL

  • campo de control: SpMaBN

005 - FECHA Y HORA DE LA ÚLTIMA TRANSACCIÓN

  • campo de control: 20250829034218.0

008 - ELEMENTOS DE DATO DE LONGITUD-FIJA

  • campo de control de longitud fija: 110920n|#azznnaabn |n aac ##

040 ## - FUENTE DE CATALOGACIÓN

  • Centro catalogador/agencia de origen: SpMaBN
  • Lengua de catalogación: spa
  • Centro/agencia transcriptor: SpMaBN
  • Normas de descripción: rdc
  • Convención/Normas de encabezamiento de materia/tesauro: embne

100 1# - ENCABEZAMIENTO-NOMBRE DE PERSONA

  • Nombre de persona: Muñoz Morales, Antonio Owen,
  • Fechas asociadas al nombre: 1953-

370 ## - LUGAR ASOCIADO

  • Lugar de nacimiento: España, Castilla-La Mancha, Ciudad Real (Provincia), Alcázar de San Juan

375 ## - GÉNERO/SEXO

  • Género: Masculino

377 ## - IDIOMA ASOCIADO

  • Término de lengua/lenguaje: Español

670 ## - FUENTE DE DATOS ENCONTRADOS

  • Cita de la fuente: Siempre empecé las cosas, cuando pude, 2008
  • Información encontrada: portada (Antonio Owen Muñoz Morales)

670 ## - FUENTE DE DATOS ENCONTRADOS

  • Cita de la fuente: Como arena que se escurre entre los dedos, 2019
  • Información encontrada: portada (Antonio Owen Muñoz Morales) solapa (nace en Alcazar de San Juan el 18 de agosto de 1953)